Normal view
MARC view
- Min, Anchee,
Entry Personal Name
001 - CONTROL NUMBER
- control field: 14287
003 - CONTROL NUMBER IDENTIFIER
- control field: NUST
005 - DATE AND TIME OF LATEST TRANSACTION
- control field: 20190515072625.0
008 - FIXED-LENGTH DATA ELEMENTS
- fixed length control field: 190515|| aca||aabn | a|a d
040 ## - CATALOGING SOURCE
- Original cataloging agency: NUST
- Transcribing agency: NUST
100 ## - HEADING--PERSONAL NAME
- Personal name: Min, Anchee,
- Dates associated with a name: 1957-
670 ## - SOURCE DATA FOUND
- Source citation: Work cat.: (NUST)0: Min, Anchee, 1957-, Katherine /, 1996.
